01528nam a2200265Ia 4500001000600000003000900006008004100015040001300056040001300069041001300082100001600095100002900111245002500140245002400165250001100189260001100200260001200211260004900223300004300272500084400315650002501159650003101184700001801215700002901233D4271IT-RoPAU130308s9999 xx 000 0 und d aIT-RoPAU cIT-RoPAU aITALIANO aCorti Maria gCodice Aut. SPICS: 7780 aDialogo in pubblico  bDialogo in Pubblico a1a ed. aMILANO bRizzoli c1995 [1° Ed.:1995 - Ed.Ling.Originale:1995] a"300 p. (prefazione: no ; testo: 300)" a"Intervista di Cristina Nesi a Maria Corti. La Scrittrice in una specie di Autobiografia Disegna la Mappa della Cultura del Novecento Italiano. si Serve di Materiali meno Prevedibili e Istituzionali, Come I Caffe' e I Ritrovidi Milano e Firenze, una Gita a Courmayeur, Un'Incursione in Vaticano... prime Letture e Primi Incontri. Maestri e Compagni di Percorso. Aria di Lombardia tra Caffe' e Riviste. Sterne, Manganelli e Pinocchio. Salento, L'Accademia e ""L'Albero"". La ""Zanzara"", Il Linguaggio Studentesco e Il 68. itinerari di una Felicità Mentale. Antologia di Viaggi. seduzione Intellettuale.Potere delle Cose Inutili. scritti di Maria Corti: Volumi, pubblicazioni su Periodici, Recensioni, Collaborazioni Ai Quotidiani ""Il Giorno"" e ""La Repubblica"", Traduzioni. interviste a Maria Corti. contributi Critici su Mariacorti." aSAGGI DI LINGUISTICA eCodice materia Spics: 3207 aNesi Cristina gCodice Aut. SPICS: 44554